000 00666nam a2200277Ia 4500
005 20260324141544.0
008 008 260324s9999 xx 000 0 eng d
020 _a9780429453205
037 _aEBOOK
040 _aCRL
040 _beng
040 _cCRL
041 _2eng
041 _aeng
084 _qCRL
100 _aDorothy Atkinson
_91208627
245 3 _aAn Auto/Biographical Approach to Learning Disability Research
260 _bTaylor and Francis
260 _c1997
365 _a
365 _b160
856 _uhttp://www.taylorfrancis.com/books/9780429453205
942 _cEBOOK
999 _c1811852
_d1811852